000 00330nam a22001217a 4500
003 SGT
082 _a891.4309
_bD08D
100 _aदुबे, रमेश
245 _aदिन होगा रात नहीं
260 _bनर्मदा शंकर प्रकाशन
_c2008
300 _a175
942 _2ddc
_cBK
999 _c29896
_d29896